Judaism and Hellenism: (Record no. 34)

000 -LEADER
fixed length control field 00707nam a2200205 a 4500
001 - CONTROL NUMBER
control field :::00013184$&:&@@
003 - CONTROL NUMBER IDENTIFIER
control field OkBaRHE
005 - DATE AND TIME OF LATEST TRANSACTION
control field 20100304163922.0
008 - FIXED-LENGTH DATA ELEMENTS--GENERAL INFORMATION
fixed length control field s1981 j 000 0 eng u
040 ## - CATALOGING SOURCE
Transcribing agency
100 1# - MAIN ENTRY--PERSONAL NAME
Personal name Hengel, Martin.
245 10 - TITLE STATEMENT
Title Judaism and Hellenism:
Remainder of title studies in their encounter in Palestine during the early Hellenistic period.
260 ## - PUBLICATION, DISTRIBUTION, ETC. (IMPRINT)
Place of publication, distribution, etc Philadelphia, PA., :
Name of publisher, distributor, etc Fortress Press
Date of publication, distribution, etc 1981
300 ## - PHYSICAL DESCRIPTION
Extent 649 p. ;
Dimensions 23 cm.
650 ## - SUBJECT ADDED ENTRY--TOPICAL TERM
Topical term or geographic name as entry element Greece
General subdivision Religion
650 ## - SUBJECT ADDED ENTRY--TOPICAL TERM
Topical term or geographic name as entry element Hellenism
650 ## - SUBJECT ADDED ENTRY--TOPICAL TERM
Topical term or geographic name as entry element Judaism
General subdivision Relations
-- Greek
942 ## - ADDED ENTRY ELEMENTS (KOHA)
Source of classification or shelving scheme
Koha item type Books
Copies
Date last seen Damaged status Withdrawn status Lost status Collection code Permanent Location Barcode Price effective from Koha item type Not for loan Shelving location Full call number Copy number Source of classification or shelving scheme Date acquired
2010-12-14   ReferenceRHEMA Bible Training College131842010-04-14Books General StacksBM 536 .G7 H46131 2010-04-14